000 01874nam a2200277Ia 4500
001 H9837
003 IT-RoPAU
008 130308s9999 xx 000 0 und d
040 _aIT-RoPAU
040 _cIT-RoPAU
041 _aITALIANO
100 _aMerzagora Matteo
100 _gCodice Aut. SPICS: 59972
245 _aScienza da vedere . L'immaginario scientifico sul grande e sul piccolo schermo
245 _bScienza da Vedere. L'Immaginario Scientifico Sul Grande e Sul Piccolo Schermo
250 _a1a ed.
260 _bSironi Editore
260 _c2006 [1° Ed.:2006 - Ed.Ling.Originale:2006]
300 _a"330 p. (prefazione: no ; testo: 330 [pagine: 0-0])"
500 _a"Criteri di Selezione. Struttura Libro. Percorsi Apprendisti Pasticcioni: Vocazioni Cartesiane; Dall'Immagine al Comportamento; dal Comportamento All'Immaginario; tutti Mali e tutti beni del Mondo; Scienziato della Valle Solitaria; Vestiti per Ricerca; Scienza in Tv. Scienza e Scienziati Agli Esordistoria Cinema: Desiderio di Cinema; Vedere Invisibile; cavalli in Volo; Documentare Realta'; Melies e Immaginazione; Verso Maturità. Dalla Clava Alla Bomba (E Ritorno): Atomi per Vittoria; fino Alla Fine Mondo; Olocausto Atomico; Guerre biologiche Guerre Matematiche; Vittime o Carnefici?; Accuse; una moda che Non Passa. Asteroidi, Epidemie e Altre Catastrofi: C'E' catastrofe e Catastrofe; migliori Combinaguai; Oceani Salgono, Città Cadono, speranza Sopravvive; made in Usa; Quando Scienziato Pecca di Arroganza; Se Hollywood chiama tuo Laboratorio, Riattacca. Nuovi Corpi, nuove Menti: menti Artificiali; Essere o Non Essere Umanoide?; robot al Cinema; Quale Intelligenza?; corpi in Trasformazione. Note e Fonti. Schede dei Film. Letture Consigliate."
650 _aSAGGI SUL CINEMA
650 _eCodice materia Spics: 6811
942 _cBK
957 _71
999 _c93591
_d93591
999 _g1